Fábulas de Iríarte / (Registro nro. 12479)
[ vista simple ]
| 000 -LIDER | |
|---|---|
| fixed length control field | 00666nam a22002537a 4500 |
| 001 - NÚMERO DE CONTROL | |
| Identificador de número de control | 001161 |
| 003 - IDENTIFICACDOR DE NÚMERO DE CONTROL | |
| control field | DO-SdBNP |
| 005 - DATE AND TIME OF LATEST TRANSACTION | |
| control field | 20180222124830.0 |
| 007 - CAMPOS FIJOS DE DESCRIPCIÓN FÍSICA | |
| fixed length control field | 001161 |
| 008 - ELEMENTOS DE LONGITUD FIJA | |
| fixed length control field | 160818b 1991 mx a ||| |||| 00| 0 spa d |
| 020 ## - ISBN | |
| International Standard Book Number | 9688471607 |
| 040 ## - FUENTE DE CATALOGACIÓN | |
| Agencia que crea de manera original el registro | BPMSU |
| Idioma de catalogación | spa |
| Agencia que realiza la transcripción | BPMSU |
| 092 ## - LOCALLY ASSIGNED DEWEY DECIMAL CALL NUMBER | |
| Número de clasificación | |
| Número de ítem (Cutter) | |
| 100 ## - ASIENTO PRINCIPAL -- NOMBRE PERSONAL | |
| Nombre personal | Iriarte, Tomás de |
| 245 04 - MENCIÓN DE TITULO | |
| Título | Fábulas de Iríarte / |
| Subtítulo | |
| Mención de responsabilidad | Tomás de Iríarte |
| 260 ## - PUBLICACIÓN, DISTRIBUCIÓN, ETC. (PIE DE IMPRENTA) | |
| Lugar de publicación, distribución, etc | México : |
| Nombre del editor, distribuidor, etc. | Origen, |
| Fecha de publicación, distribución, etc | 1991. |
| 300 ## - DESCRIPCIÓN FÍSICA | |
| Extensión | 135 p.: |
| Otros detalles físicos | il. ; |
| Dimensiones | 21 cm. |
| 490 0# - MENCIÓN DE SERIES | |
| Mención de serie | Cuentos y fábulas |
| 830 #0 - ASIENTO SECUNDARIO DE SERIE--TÍTULO UNIFORME | |
| Título uniforme | Cuentos y fábulas |
| 830 #0 - ASIENTO SECUNDARIO DE SERIE--TÍTULO UNIFORME | |
| Título uniforme | |
| Número de la parte o sección de una obra | |
| 942 ## - ADDED ENTRY ELEMENTS (KOHA) | |
| Source of classification or shelving scheme | Dewey Decimal Classification |
| Koha item type | Libros |
| 945 ## - INFORMACIÓN DE PROCESAMIENTO LOCAL | |
| Información de procesamiento local | Inventariado, 2018/ YL |
| 956 ## - LOCAL ELECTRONIC LOCATION AND ACCESS (OCLC) | |
| Nombre de host | VMATEO |
| Número de acceso | 10 |
| Información de compresión | 20170116 |
| Trayectoria | BPMSU |
| Método de acceso | 0069 |
| Withdrawn status | Lost status | Source of classification or shelving scheme | Damaged status | Not for loan | Collection code | Home library | Current library | Date acquired | Source of acquisition | Total Checkouts | Barcode | Date last seen | Price effective from | Koha item type |
|---|---|---|---|---|---|---|---|---|---|---|---|---|---|---|
| Dewey Decimal Classification | Colección Infantil General | Biblioteca Pública Metropolitana Salomé Ureña | Biblioteca Pública Metropolitana Salomé Ureña | 01/16/2017 | Sellar | BPMSU17010060 | 01/16/2017 | 01/16/2017 | Libros |